|
|
|
|
| LEADER |
00000nas a2200000 a 4500 |
| 001 |
ssj0010747 |
| 003 |
WaSeSS |
| 005 |
20200512172242.0 |
| 006 |
m d |
| 007 |
cr n |
| 008 |
050614c19579999vratr p s 0 0eng c |
| 010 |
|
|
|a 2008228707
|
| 016 |
7 |
|
|a 100971981
|2 DNLM
|
| 022 |
|
|
|y 0025-8938
|
| 035 |
|
|
|a (WaSeSS)ssj0010747
|
| 040 |
|
|
|a OCLCS
|b eng
|e pn
|c OCLCS
|d ZSL
|d DOS
|d OCLCQ
|d OCLCF
|d OCLCA
|d OCLCQ
|d OCLCO
|d BUF
|d OCLCO
|d OCL
|d AU@
|d VT2
|d UUM
|d CUS
|d ZCL
|d TXJ
|d YYP
|d LND
|d FIE
|d CEF
|d S2H
|d CCT
|d WaSeSS
|
| 042 |
|
|
|a pcc
|
| 043 |
|
|
|a u-at---
|
| 050 |
|
4 |
|a K13
|b .E34
|
| 082 |
0 |
4 |
|a 340/.05
|2 19
|
| 245 |
0 |
0 |
|a Melbourne University law review
|h [electronic resource].
|
| 246 |
1 |
3 |
|a MULR
|
| 246 |
1 |
3 |
|a M.U.L.R.
|
| 246 |
1 |
3 |
|a Melb. U.L. Rev
|
| 260 |
|
|
|a Melbourne :
|b Melbourne University Law Review Association
|
| 310 |
|
|
|a Three no. a year,
|b <1999->
|
| 321 |
|
|
|a Semiannual (irregular)
|
| 362 |
1 |
|
|a Began with vol. 1, issue 1 (July 1957).
|
| 500 |
|
|
|a Title from journal title page (Hein Online, viewed Sept. 20, 2007).
|
| 506 |
|
|
|a License restrictions may limit access.
|
| 588 |
|
|
|a Latest issue consulted: Vol. 30, no. 3 (Dec. 2006) (viewed June 18, 2008).
|
| 650 |
|
0 |
|a Law reviews
|z Australia
|z Victoria.
|
| 650 |
|
0 |
|a Law
|z Australia
|v Periodicals.
|
| 650 |
|
7 |
|a Law.
|2 fast
|0 (OCoLC)fst00993678
|
| 650 |
|
7 |
|a Law reviews.
|2 fast
|0 (OCoLC)fst00994120
|
| 650 |
1 |
7 |
|a Recht.
|2 gtt
|
| 650 |
|
6 |
|a Revues de droit
|z Australie
|z Victoria.
|
| 650 |
|
6 |
|a Droit
|z Australie
|v Périodiques.
|
| 650 |
|
7 |
|a Droit.
|2 rasuqam
|
| 650 |
|
7 |
|a Law.
|2 galestne
|
| 651 |
|
7 |
|a Australia.
|2 fast
|0 (OCoLC)fst01204543
|
| 651 |
|
7 |
|a Victoria.
|2 fast
|0 (OCoLC)fst01205049
|
| 651 |
|
7 |
|a Australie.
|2 rasuqam
|
| 653 |
0 |
|
|a Law
|
| 655 |
|
0 |
|a Electronic journals.
|
| 710 |
2 |
|
|a Melbourne University Law Review Association.
|
| 776 |
0 |
8 |
|i Print version:
|t Melbourne University law review
|x 0025-8938
|w (DLC)sf 84007069
|w (OCoLC)1714379
|
| 780 |
0 |
0 |
|t Res judicatae
|w (DLC) 2008247547
|w (OCoLC)166923664
|
| 856 |
4 |
0 |
|z Full text available from Research Library: 01/01/2012 to present
|u https://search.proquest.com/publication/1576340
|